000 00967nam a22002297a 4500
005 20240530110335.0
008 140906s2007 ua of g 000 0 ara d
017 _b10670/1998
_dالقاهرة : دار الكتب المصرية
020 _a9773050556
040 _aEG-CaGPL
082 0 4 _221
_a916.223
_bق/ف ك
100 _aفتحى خورشيد
245 1 0 _aكنائس واديرة محافظة الفيوم :
_bمنذ انتشار المسيحية حتى نهاية العصر العثمانى /
_cفتحى خورشيد
250 _aط 2
260 _aالقاهرة :
_bالمجلس الاعلى للاثار ،
_c2007
300 _a318 ص ،
_bصور ؛
_c24 سم
490 _aنحو وعى حضارى معاصر
490 _aسلسلة الثقافة الاثرية والتاريخية : مشروع المئة كتاب
_v29
650 0 7 _aالكنائس
_xالفيوم
651 0 7 _aالفيوم
_xالاثار المسيحية
942 _2ddc
_cBK
999 _c59770
_d59770